De la programmation consideree comme un des beaux-arts (Record n. 89963)
[ formato base ]
| 000 -LEADER | |
|---|---|
| fixed length control field | 01760nam a2200289Ia 4500 |
| 001 - CONTROL NUMBER | |
| control field | E0621 |
| 003 - CONTROL NUMBER IDENTIFIER | |
| control field | IT-RoPAU |
| 008 - FIXED-LENGTH DATA ELEMENTS--GENERAL INFORMATION | |
| fixed length control field | 130308s9999 xx 000 0 und d |
| 040 ## - CATALOGING SOURCE | |
| Original cataloging agency | IT-RoPAU |
| 040 ## - CATALOGING SOURCE | |
| Transcribing agency | IT-RoPAU |
| 041 ## - LANGUAGE CODE | |
| Language code of text/sound track or separate title | FRANCESE |
| 100 ## - MAIN ENTRY--PERSONAL NAME | |
| Personal name | Levy Pierre |
| 100 ## - MAIN ENTRY--PERSONAL NAME | |
| Miscellaneous information | Codice Aut. SPICS: 31720 |
| 245 ## - TITLE STATEMENT | |
| Title | De la programmation consideree comme un des beaux-arts |
| 245 ## - TITLE STATEMENT | |
| Remainder of title | De la programmation consideree Comme un des Beaux-Arts |
| 250 ## - EDITION STATEMENT | |
| Edition statement | 1a ed. |
| 260 ## - PUBLICATION, DISTRIBUTION, ETC. (IMPRINT) | |
| Place of publication, distribution, etc. | PARIS |
| 260 ## - PUBLICATION, DISTRIBUTION, ETC. (IMPRINT) | |
| Name of publisher, distributor, etc. | La Decouverte |
| 260 ## - PUBLICATION, DISTRIBUTION, ETC. (IMPRINT) | |
| Date of publication, distribution, etc. | 1992 [1° Ed.:1992 - Ed.Ling.Originale:1992] |
| 300 ## - PHYSICAL DESCRIPTION | |
| Extent | "248 p. (prefazione: no ; testo: 248)" |
| 500 ## - GENERAL NOTE | |
| General note | Programmazione Vista Come una delle belle Arti. Saggio di Narratologia:Attante, paradosso del Programmatore, Macchina per produrre Racconti, Retidi Dialoghi Possibili, Storia del programma Come Attore Collettivo, Groviglio degli Ipertesti, Gerarchia ipertestuale e Generatore di basi di Dati, Programmazione e Racconto. Saggio di Ecologia Cognitiva: Competenza, Eterogeneità dei Tempi e dei Dati, Costruzione del Sistema, conflitto delle Razionalità, Sistema Esperto Come tecnologia Intellettuale, presentazione Generale del progetto di Sistema Esperto, Servizi di protezione della Giovinezza, reti Interfacce, Esperto Come Interfaccia, Sistema Esperto Paragonato Ad Altre Interfacce, Ideografia con Schemi, Costruzione di una Teoria, Attività Teorica Come Processo Collettivo. Saggio di Meccanologia: Introduzione Alla Meccanologia, Imprenditore, capo di Antenna, Ingegnere del Suono, Informatico, Programmazione Musicale, connessione Automatica, Come si Costruiscono le Macchine? |
| 650 ## - SUBJECT ADDED ENTRY--TOPICAL TERM | |
| Topical term or geographic name as entry element | SAGGI DI INFORMATICA |
| 650 ## - SUBJECT ADDED ENTRY--TOPICAL TERM | |
| Relator term | Codice materia Spics: 4207 |
| 942 ## - ADDED ENTRY ELEMENTS (KOHA) | |
| Koha item type | LIBRO |
| 957 ## - | |
| -- | 1 |
| 999 ## - SYSTEM CONTROL NUMBERS (KOHA) | |
| -- | 1 |
| Withdrawn status | Lost status | Damaged status | Not for loan | Home library | Current library | Date acquired | Total Checkouts | Full call number | Date last seen | Price effective from | Koha item type | Public note |
|---|---|---|---|---|---|---|---|---|---|---|---|---|
| Buone Condizioni | Not For Loan | SPICS-MEDIATECA | SPICS-MEDIATECA | 08/03/2013 | E0621 | 08/03/2013 | 08/03/2013 | LIBRO | Progressivo inserimento: 19068 / N. Volumi: 1 Copie: 1 / data import: 1 marzo 2013 - By Epidotti, Trombetti, Vaglietti. |